| 000 | 01255nam2a2200301 4500 | ||
|---|---|---|---|
| 001 | RU\NLR\bibl\217784 | ||
| 005 | 20250619103115.0 | ||
| 010 | _a5-300-02948-3 | ||
| 021 |
_aRU _b2001-27478 _91316 |
||
| 035 | _a(NLR Aleph) 000213874 | ||
| 090 |
_a1241971 _c1241971 |
||
| 100 | _a20011114d2001 |||y0rusy50 ca | ||
| 101 | 1 |
_arus _cger |
|
| 102 | _aRU | ||
| 105 | _ay ||||||||| | ||
| 200 | 1 |
_aСемья Опперман _eРоман _aМосква 1937 _eОтчет о поездке для моих друзей _f[Пер. с нем. И. Горкиной _gКоммент. Д. Затонского] |
|
| 210 |
_d2001 _aБ. м. |
||
| 215 | _a444, [2] с. | ||
| 461 | 0 |
_1001RU\NLR\bibl\180590 _12001#$aСобрание сочинений$vТ. 8 _91022757 _aФейхтвангер, Л. (1884-1958) _cМ. _d2001 _fЛион Фейхтвангер _nТерра-Кн. клуб _oВ 20 т. _tСобрание сочинений _y5-300-02339-6 _vТ. 8 |
|
| 675 |
_a821.112.2Фейхтвангер2+821.112.2-31Фейхтвангер _v3 _zrus |
||
| 686 |
_a17.82 _2rugasnti |
||
| 686 |
_a84(4Гем)-44 _2rubbk |
||
| 801 | 0 |
_aRU _bRKP _c20011114 _gPSBO |
|
| 801 | 1 |
_aRU _bRKP _c20011114 |
|
| 801 | 2 |
_aRU _bNLR _c20020911 _grcr |
|
| 942 | _cBOOK | ||
| 980 | _aNB | ||